00554nam a22001697a 450000500170000001000150001702000260003203500140005803700130007208200080008510000230009324501360011626000400025227000300029230000210032250000410034320200130114846.0 aENG-127571 a9789388927611c450.00 aEN-111103 bDBAD/PUB a880 aJotangiya,Paresh N aA study of robert Kroetsch's Narrative Strategies in his Novels The Studhorse man,cone Indian and Badlands /cby Paresh N Jotangiya aAhmedabadbVedant Publicationc2019 bAhmedabadaRajkote360001 a132p.b20cm(pbk) ainclude bibliographical references